| 000 | 00346nam a2200145Ia 4500 | ||
|---|---|---|---|
| 008 | 230312s9999||||xx |||||||||||||| ||und|| | ||
| 020 | _a0-7624-1898-2 | ||
| 082 |
_a630 _bSHO |
||
| 245 | 0 | _aIllustrated on the Shoulders of Giant | |
| 260 |
_bRunning Press _aLondon _c2004 |
||
| 300 | _a256 | ||
| 546 | _aEng. | ||
| 650 | _aPhilosophy | ||
| 942 | _cBK | ||
| 999 |
_c4507 _d4507 |
||